000 00450nmm a2200181 a 4500
003 AR-X00000XY
005 20251128212019.0
008 127020s1967 ||||||||||||||000 | spa||
040 _cAR-X00000XY
100 1 _aMallarmé, Stéphane
245 1 0 _aObra poética
260 _aBuenos Aires
_bEdiciones del Mediodía
_c1967
300 0 _a124 p.
655 _aLITERATURA
700 1 _aMatamoro, Blas
_etraductor
942 _cBK
998 _cmartin
999 _c22076
_d22076